| 000 | 01155nam a2200289 c 4500 | ||
|---|---|---|---|
| 003 | BLK | ||
| 005 | 20180422114041.0 | ||
| 008 | 180410b bul|||||r ||||||| ||bul|| | ||
| 010 | _aKNG00172947000 | ||
| 040 | _aBLK | ||
| 041 |
_aBUL _cBUL |
||
| 080 |
_aБългарска литература _b821.163.2 _x-31 _z821.163.2-31 |
||
| 100 | 1 |
_aДаскалова, Мария _eпърви автор _9379541 |
|
| 700 | 1 |
_aДанов, Христо Милошев _eсъавт. _9382163 |
|
| 139 |
_aДаскалова, Мария и др. _bД 24 |
||
| 245 | 1 | 0 |
_aСпартак _bРоман _cМария Даскалова; съавт. Христо Милошев Данов. |
| 257 | _aBGR | ||
| 260 |
_аСофия _bНар. просв. _c1977 |
||
| 300 |
_a215 с., 12 л. _bил. _c21 см |
||
| 380 | _aX | ||
| 500 | _aАвт. не са отбелязани на кор. - 40 104 тир. | ||
| 852 | _aЦб 89047 | ||
| 856 | 4 |
_qpdf _u |
|
| 856 | 4 |
_qpdf _u |
|
| 942 |
_cKNG _n0 |
||
| 944 |
_aCR _c12.03.2015 _l12.03.2015 - от С1,Р / 12.03.2015 _kНаталия_Любомирова |
||
| 944 |
_aED _c14.09.2017 _l12.03.2015 - от С1,Р / 12.03.2015 _kНаталия_Любомирова |
||
| 999 |
_c165338 _d165338 |
||